header

Microreactors in organic chemistry and catalysis (Record no. 62472)

MARC details
000 -LEADER
fixed length control field 01230nam a2200325 a 4500
245 00 - TITLE STATEMENT
Title Microreactors in organic chemistry and catalysis
250 ## - EDITION STATEMENT
Edition statement 2nd completely rev. and enl. ed.
260 ## - PUBLICATION, DISTRIBUTION, ETC. (IMPRINT)
Place of publication Weinheim, Germany :
Name of publisher Wiley-VCH,
Year of publication 2013.
300 ## - PHYSICAL DESCRIPTION
Number of Pages xix, 465 p. :
Other physical details ill.
650 #0 - SUBJECT ADDED ENTRY--TOPICAL TERM
Topical Term Microreactors.
Topical Term Catalysis.
Topical Term Chemistry, Organic.
Topical Term Chemical reactors.
700 1# - ADDED ENTRY--PERSONAL NAME
Personal name Wirth, Thomas.
856 40 - ELECTRONIC LOCATION AND ACCESS
Uniform Resource Identifier http://site.ebrary.com/lib/rucke/Doc?id=10671471

No items available.

© 2026 Rongo University
Contact us: librarian | system librarian | Rongo university